000
00260 a2200109 4500
001
61992
090
_c
37160
_d
37160
100
_a
PAF
245
_a
Precis of PAF Law (GD(P) And Non GD Courses)
260
_a
PAF Press Masroor
_b
PAF Press Masroor
_c
2008
300
_a
ii56p.
942
_a
CAENUST
999
_c
297065
_d
297065